000 01042nam0a22002651 4500
001 rc\2629406
005 20250623144956.0
035 _a(NLR Aleph) 006792896
090 _a6162743
_c6162743
100 _a20110914d1931 |||y0rusy50 ca
101 0 _arus
102 _aRU
105 _ab z |||||
200 1 _aМузыкальная бригада в колхозе и совхозе
_fМ. Нахимовский
_gПод ред. и с пред. Н. Я. Брюсовой
210 _aМосква
_cОгиз - Гос. муз. изд-во. Нотный отд.
_d1931
_gтип. "Образцовая"
215 _a64 с.
_cкарт.
_d20х15 см.
320 _aБиблиография: "Музыкальная литература для бригады" (стр. 58-64)
700 1 _aНахимовский
_bМ.И.
_f1907-
_gМоисей Исаевич
702 1 _aБрюсова
_bН.Я.
_4340
_4080
801 0 _aRU
_bNLR
_gpsbo
801 1 _aRU
_bELAR
_2rusmarc
852 _aNLR
_j31-8/3992
942 _cBOOK
980 _aNB